Cattle Tracing System Online (Record no. 119971)

MARC details
000 -LEADER
fixed length control field 00652cam a2200181 4500
001 - CONTROL NUMBER
control field WS116340
008 - FIXED-LENGTH DATA ELEMENTS--GENERAL INFORMATION
fixed length control field 020116n 000 0 eng u
035 ## - SYSTEM CONTROL NUMBER
System control number (Sirsi) u116340
110 ## - MAIN ENTRY--CORPORATE NAME
Corporate name or jurisdiction name as entry element British Cattle Movement Service
9 (RLIN) 4183
245 ## - TITLE STATEMENT
Title Cattle Tracing System Online
520 ## - SUMMARY, ETC.
Summary, etc. Web site for this site giving farmers and markets online access to the British Cattle Movement Services' Cattle Tracing System.
650 ## - SUBJECT ADDED ENTRY--TOPICAL TERM
Topical term or geographic name entry element CATTLE TRACING SYSTEM
650 ## - SUBJECT ADDED ENTRY--TOPICAL TERM
Topical term or geographic name entry element CATTLE MOVEMENTS
650 ## - SUBJECT ADDED ENTRY--TOPICAL TERM
Topical term or geographic name entry element ANIMAL IDENTIFICATION
690 ## - LOCAL SUBJECT ADDED ENTRY--TOPICAL TERM (OCLC, RLIN)
Topical term or geographic name as entry element Rural
9 (RLIN) 6268
856 40 - ELECTRONIC LOCATION AND ACCESS
Uniform Resource Identifier <a href="https://www.bcms.gov.uk">https://www.bcms.gov.uk</a>
Public note View the website free of charge at www.bcms.gov.uk...
942 ## - ADDED ENTRY ELEMENTS (KOHA)
Suppress in OPAC 0
Holdings
Withdrawn status Lost status Source of classification or shelving scheme Damaged status Not for loan Home library Current library Shelving location Date acquired Total Checkouts Full call number Barcode Date last seen Copy number Price effective from Koha item type
    Dewey Decimal Classification     Virtual Virtual Online 16/01/2002   WEB SITE 116340-2001 06/08/2019 1 06/08/2019 Online material